000 00435nam a22001337a 4500
003 SGT
082 _a617.525
_bE12W
100 _aKHUSHBOO, WALECHA
245 _aEFFICACY OF ARTHROCENTESIS WITH SALINE Vs SALINE WITH SODIUM HYALURONATE INJECTION IN THE TREATMENT OF TEMPOROMANDIBULAR JOINT INTERNAL DERANGEMENTS
260 _aDELHI NCR
_bSGT UNIVERSITY GURUGRAM
_c2012
300 _a1-88
650 _aORAL SURGERY
942 _2ddc
_cTH
999 _c16178
_d16178